000
00180 a2200097 4500
020
_a
0780215354
041
_a
spa
100
_a
Cowley, Joy
245
_a
La loma grande
942
_c
BK
999
_c
10982
_d
10982